000 00616nam a2200193Ia 4500
005 20250508165210.0
008 008 250505s9999 xx 000 0 hin d
037 _aDissertations
040 _aFEDL
_beng
_cFEDL
041 _ahin
_2eng
084 _a370.32, KAN/DI
_qFEDL
100 _aKanoujiya Akhilesh Kumar
_9780142
245 0 _aNishulk aur anivarya baal shiksha ka adhikar: Anusuchit jati/ anusuchit janjati ke priprekshye mein
260 _c2012
300 _aii, 98p.
546 _aM.Ed. Dissertation, (Delhi University)
942 _cDIS
_h370.32, KAN/DI
999 _c1393730
_d1393730